01198nam a2200241Ia 4500001000600000003000900006008004100015040001300056040001300069041001300082100002000095100002900115245002400144245002400168250001100192260001100203260001500214260004900229300005700278500056200335650002800897650003100925G3422IT-RoPAU130308s9999 xx 000 0 und d aIT-RoPAU cIT-RoPAU aITALIANO aGiraldi Massimo gCodice Aut. SPICS: 20212 aGiuseppe Bertolucci bGiuseppe Bertolucci a1a ed. aMILANO bIl Castoro c2000 [1° Ed.:2000 - Ed.Ling.Originale:2000] a"128 p. (prefazione: no ; testo: 128 [pagine: 0-0])" aMonografia Sul regista Giuseppe Bertolucci, nato a Parma nel 1947. Le mie immagini e la mia Vita: Dichiarazioni del regista a Proposito della Sua Vita e dei Suoi Film in questi Ultimi Anni. Ha ritratto le Contraddizioni della Società Italiana degli Ultimi Anni. I Suoi Personaggi femminili Racchiudono Il Segreto della Sua Poesia. tra I Suoi Film Ricordiamo: Berlinguer Ti voglio Bene (1977), segreti Segreti (1984), Tuttobenigni (1986), Amori in Corso (1989), troppo sole (1994) e Il Doce rumore della Vita (1999). Filmografia. Videografia. Bibliografia. aAUTORI/OPERE DEL CINEMA eCodice materia Spics: 6807